| 000 | 00565nam a22002057a 4500 | ||
|---|---|---|---|
| 005 | 20250520150206.0 | ||
| 008 | 250520b |||||||| |||| 00| 0 eng d | ||
| 037 | _cTB | ||
| 040 |
_alCT _clCT |
||
| 084 | _aZ,91 Q17 | ||
| 100 | _aMahajan, V.D. | ||
| 245 | _aJurisprudence and Legal Theory/ | ||
| 250 | _a5th ed. | ||
| 260 |
_aLucknow, India: _bEastern Book Company(EBC), _c2017(rp) |
||
| 300 | _axxi, 641p. | ||
| 650 | _aLaw | ||
| 650 |
_a Jurisprudence _9754938 |
||
| 650 | _aLegal Theory | ||
| 942 |
_2CC _cTB _hZ,91 Q17 _n0 |
||
| 999 |
_c1428898 _d1428898 |
||